000 01042cam a22002531 4500
001 z 01000141
003 DLC
005 20260227112812.0
008 800221m18861889xx bc 001 0 fre
010 _az 01000141
035 _a(OCoLC)6006471
040 _aDLC
_cNNU
_dOCoLC
_dDLC
050 0 0 _aZ5811
_b.P23
110 2 _aMusée pédagogique (France).
_bBibliothèque centrale de l'enseignement primaire.
245 1 0 _aCatalogue des ouvrages et documents.
260 _aParis,
_bImprimerie nationale,
_c1886-89.
300 _a3 v.
_c28 cm.
500 _aAt head of title: Musée pédagogique et Bibliothèque centrale de l'enseignement primaire.
500 _aAuthor catalog (20,000 works) with an "Index rerum", in 30 classes. Compiled by Gaston Bonet-Maury.
505 0 _at. 1. A-L.--t. 2. M-Z. Documents administratifs, programmes et règlements. Index général.--t. 3. Supplément.
650 0 _aEducation
_xBibliography
_xCatalogs.
650 0 _aTeaching
_xBibliography
_xCatalogs.
700 2 _aBonet-Maury, Gaston,
_d1842-1919.
999 _c92424
_d92424